| 000 | 00392nam a2200145 a 4500 | ||
|---|---|---|---|
| 005 | 20141022142003.0 | ||
| 008 | 120307s19uu xx 00 eng d | ||
| 050 |
_aCD _bF91 2005 |
||
| 100 | _aFrisch, Noreen Cavan | ||
| 245 |
_aPsychiatric mental health nursing / _cNoreen Frisch, Lawrence Frisch. |
||
| 250 | _a2nd ed. | ||
| 260 | _c2005. | ||
| 700 | _aFrisch, Lawrence E. | ||
| 942 | _cAVM | ||
| 999 |
_c276381 _d276381 |
||